00420nam a2200109Ia 4500008004100000050002900041100002100070245007800091260008600169300002800255521002700283140724s9999 xx 000 0 und d aQA 76.76.W56b.T161 2012 aTanaka, Ricky F. aPoint of sale system for Omatsuri Japanese Restaurant /cRicky F. Tanaka. aLas Piñas, Philippines :bSouthville International School and Colleges,cc2012. a38 p. :bill. ;c28 cm. aInformation Technology